Atención a la diversidad: teoría y práctica

Sábháilte in:
Sonraí bibleagrafaíochta
Príomhchruthaitheoirí: Cabrerizo Diago, Jesús (Údar), Rubio Roldán, María Julia (Údar)
Formáid: LEABHAR
Teanga:Spáinnis
Foilsithe / Cruthaithe: Madrid Pearson Educación 2007
Ábhair:
Clibeanna: Cuir clib leis
Níl clibeanna ann, Bí ar an gcéad duine le clib a chur leis an taifead seo!

MARC

LEADER 00000nam a2200000 a 4500
001 UCG0399
003 CL-VaPUC
008 100325e20070000SP |||||||||||||||||spa|d
020 |a 9788483223918 
082 0 4 |a 371.9  |b CAB  |2 21 
100 0 |a Cabrerizo Diago, Jesús  |e author  |9 547790 
700 0 |a Rubio Roldán, María Julia  |e author  |9 547791 
245 1 0 |a Atención a la diversidad: teoría y práctica 
300 |a 317 p 
942 |c BK 
945 |d 20100325 00:00:00  |a rbrito 
260 |a Madrid  |b Pearson Educación  |c 2007 
650 0 |a Educación especial  |9 307486 
650 0 |a Psicología educacional   |9 307830 
650 0 |a Innovaciones pedagógicas  |9 307471 
650 0 |a Diversidad cultural  |9 473079 
650 0 |a Métodos de enseñanza  |9 270413 
583 |a last modification  |c 20121214 12:20:14  |k Rodrigo Vera 
999 |c 340040  |d 340038 
952 |0 0  |1 0  |4 0  |6 371_900000000000000_CAB_2007  |7 0  |8 A  |9 434385  |a BIBEDU  |b BIBEDU  |c ES_NOD  |d 2019-11-22  |i 4654889  |o 371.9 CAB 2007  |p 4654889  |r 2023-08-09  |w 2019-11-22  |y BK  |k PAR 
952 |0 0  |1 0  |2 ddc  |4 0  |6 371_900000000000000_CAB_2007  |7 0  |8 A  |9 434386  |a BIBEDU  |b BIBEDU  |c ES_NOD  |d 2019-11-22  |i 4654897  |l 3  |o 371.9 CAB 2007  |p 4654897  |r 2023-08-09  |s 2021-01-04  |w 2019-11-22  |y BK  |k PAR 
952 |0 0  |1 0  |4 0  |6 371_900000000000000_CAB_2007  |7 0  |8 A  |9 434387  |a BIBEDU  |b BIBEDU  |c ES_NOD  |d 2019-11-22  |i 4654900  |l 1  |o 371.9 CAB 2007  |p 4654900  |r 2024-06-26  |s 2024-06-18  |w 2019-11-22  |y BK  |k PAR